Elements chimiques tableau périodique - Statistiques

Statistiques générales
  • Ce quiz a été pris 244 fois
  • Le résultat moyen est 52 sur 118
Statistiques - réponses
Hint Réponse % Correct
2 He Helium
98%
3 Li Lithium
98%
8 O Oxygene
98%
26 Fe Fer
97%
6 C Carbone
96%
1 H Hydrogene
95%
12 Mg Magnesium
93%
7 N Azote
91%
20 Ca Calcium
91%
13 Al Aluminium
90%
30 Zn Zinc
90%
47 Ag Argent
89%
17 Cl Chlore
89%
19 K Potassium
89%
29 Cu Cuivre
85%
9 F Fluor
85%
11 Na Sodium
83%
14 Si Silicium
81%
10 Ne Neon
80%
18 Ar Argon
78%
16 S Soufre
78%
5 B Bore
73%
79 Au Or
73%
22 Ti Titane
73%
27 Co Cobalt
71%
25 Mn Manganese
71%
15 P Phosphore
69%
24 Cr Chrome
67%
28 Ni Nickel
67%
92 U Uranium
67%
4 Be Beryllium
66%
35 Br Brome
64%
31 Ga Gallium
64%
54 Xe Xenon
64%
36 Kr Krypton
60%
87 Fr Francium
52%
53 I Iode
52%
82 Pb Plomb
52%
88 Ra Radium
51%
32 Ge Germanium
48%
80 Hg Mercure
48%
46 Pd Palladium
48%
94 Pu Plutonium
48%
74 W Tungstene
48%
84 Po Polonium
45%
40 Zr Zirconium
45%
34 Se Selenium
44%
37 Rb Rubidium
43%
23 V Vanadium
43%
33 As Arsenic
42%
56 Ba Baryum
42%
55 Cs Cesium
42%
21 Sc Scandium
39%
39 Y Yttrium
38%
78 Pt Platine
37%
86 Rn Radon
37%
48 Cd Cadmium
36%
63 Eu Europium
34%
49 In Indium
34%
77 Ir Iridium
34%
45 Rh Rhodium
34%
42 Mo Molybdene
33%
93 Np Neptunium
33%
76 Os Osmium
33%
95 Am Americium
32%
99 Es Einsteinium
32%
83 Bi Bismuth
30%
50 Sn Etain
30%
102 No Nobelium
30%
98 Cf Californium
29%
52 Te Tellure
29%
57 La Lanthane
28%
118 Og Oganesson
28%
96 Cm Curium
27%
100 Fm Fermium
27%
104 Rf Rutherfordium
27%
38 Sr Strontium
27%
117 Ts Tennesse
27%
89 Ac Actinium
26%
51 Sb Antimoine
26%
68 Er Erbium
26%
103 Lr Lawrencium
26%
71 Lu Lutecium
26%
58 Ce Cerium
25%
72 Hf Hafnium
25%
60 Nd Neodyme
25%
81 Tl Thallium
25%
62 Sm Samarium
24%
73 Ta Tantale
24%
101 Md Mendelevium
23%
44 Ru Ruthenium
23%
43 Tc Technetium
23%
70 Yb Ytterbium
23%
85 At Astate
22%
67 Ho Holmium
22%
41 Nb Niobium
21%
90 Th Thorium
21%
97 Bk Berkelium
20%
107 Bh Bohrium
20%
115 Mc Moscovium
20%
65 Tb Terbium
20%
66 Dy Dysprosium
19%
59 Pr Praseodyme
19%
75 Re Rhenium
19%
105 Db Dubnium
18%
64 Gd Gadolinium
18%
108 Hs Hassium
18%
112 Cn Copernicium
17%
61 Pm Promethium
17%
113 Nh Nihonium
16%
116 Lv Livermorium
15%
114 Fl Flerovium
14%
110 Ds Darmstadtium
13%
109 Mt Meitnerium
13%
106 Sg Seaborgium
13%
69 Tm Thulium
12%
91 Pa Protactinium
11%
111 Rg Roentgenium
11%
Aucun quiz correspondant
Distribution des résultats
% des personnes avec chaque résultat
Percentile par nombre de réponses
Votre historique - résultats
Vous n’avez pas pris ce quiz